Statistieken voor Landen van het Gemenebest

Klik hier om de quiz te nemen!

Algemene statistieken

  • Deze quiz is 539 keer genomen
  • De gemiddelde score is 32 van 56

Antwoordstatistieken

Lid sindsLand% Correct
1926Australië
87%
1926Verenigd Koninkrijk
87%
1926Nieuw-Zeeland
85%
1926Canada
83%
1926Zuid-Afrika
77%
1947India
76%
1983Saint Kitts en Nevis
67%
1979Saint Vincent en de Grenadines
67%
1966Barbados
66%
1970Fiji
66%
1979Saint Lucia
66%
1978Tuvalu
66%
1981Antigua en Barbuda
63%
1947Pakistan
63%
1964Zambia
63%
1973Bahama's
62%
1963Kenia
62%
1970Tonga
62%
1970Samoa
61%
1974Grenada
60%
1978Salomonseilanden
60%
1961Tanzania
60%
1980Vanuatu
60%
1966Botswana
59%
1960Nigeria
59%
1978Dominica
58%
1990Namibië
58%
1968Nauru
58%
1972Bangladesh
57%
1957Ghana
57%
1962Jamaica
57%
1979Kiribati
57%
1966Lesotho
57%
1962Trinidad en Tobago
57%
1968Eswatini
54%
1966Singapore
53%
1995Mozambique
52%
1962Oeganda
51%
1948Sri Lanka
51%
1964Malawi
49%
1981Belize
48%
1965Gambia
48%
1957Maleisië
48%
2009Rwanda
48%
2022Togo
48%
1975Papoea-Nieuw-Guinea
47%
1968Mauritius
46%
1976Seychellen
46%
1995Kameroen
44%
1964Malta
44%
1984Brunei
42%
1961Cyprus
42%
2022Gabon
42%
1982Maldiven
42%
1961Sierra Leone
41%
1966Guyana
38%

Scoreverdeling

Percentiel versus Aantal Correcte Antwoorden

Procent van Mensen met Elke Score

Uw Scoregeschiedenis

U heeft deze quiz nog niet genomen